| 000 | 01080nam a2200253Ia 4500 | ||
|---|---|---|---|
| 999 |
_c39795 _d39795 |
||
| 001 | 6400 | ||
| 003 | GE_BSU | ||
| 005 | 20191114095751.0 | ||
| 008 | 181216s2009||||ge |||||||||||||| ||geo|| | ||
| 020 | _a9789994025886 | ||
| 040 | _cGE_BSU | ||
| 041 | _ageo | ||
| 080 | _a33(075.8) ჩ-96 | ||
| 100 |
_aჩხაიძე, ირმა _95318 |
||
| 245 |
_aპროექტის მართვის საფუძვლები : _b[სახელმძღვ. სტუდ.] / _cირმა ჩხაიძე ; [რედ. რეზო მანველიძე]. |
||
| 264 |
_aბათუმი : _bშოთა რუსთაველის სახ. უნ–ტი, _c2009. |
||
| 300 |
_a227 გვ.: _bცხრ., სქ., დიაგრ. ; _c20 სმ. |
||
| 504 | _aბიბლიოგრ.: გვ. 226-227. | ||
| 541 | _h12ლ. | ||
| 653 | _aპროექტების მართვა | ||
| 653 | _aეკონომიკა | ||
| 700 |
_aმანველიძე, რეზო _eრედაქტორი _91497 |
||
| 942 |
_cBK _2udc |
||